| 000 | 00712nam a22002417a 4500 | ||
|---|---|---|---|
| 999 |
_c16609 _d16609 |
||
| 003 | AR-CdUCM | ||
| 008 | 190305b ||||| |||| 00| 0 esp d | ||
| 020 | _aISBN | ||
| 040 |
_aMUNICIPALIDAD PROVINCIAL DEL CUSCO _cBIBLIOTECA MUNICIPAL DEL CUSCO |
||
| 082 |
_a858.9 / _bP63 |
||
| 100 |
_aPitigrilli _910029 |
||
| 245 |
_aLa virgen 18 kilates : _bNovela / |
||
| 260 |
_aSantiago de Chile ; _bAudaz, |
||
| 300 |
_a191 páginas ; _c18 cm. |
||
| 440 |
_aColección audaz _936154 |
||
| 505 | _aContenido : Novela | ||
| 650 |
_aLiteratura _9416 |
||
| 650 |
_aChilena _925943 |
||
| 650 |
_aNovela del siglo XX _910030 |
||
| 700 |
_aCarretero, Vicente _936155 |
||
| 942 |
_2ddc _cLIBROS |
||
| 945 |
_arah _d04/05/2019 |
||